000 00357nam a22001337a 4500
008 131122b xxu||||| |||| 00| 0 eng d
050 _aSPC DT776.R4P5
100 _aPlomer, William
_93679
245 _aCecil Rhodes
260 _aEdinburgh
_bPeter Davies
_c1933
300 _a179p.;
_c19cm.
600 _aRhodes, Cecil John
_93693
942 _2lcc
_cMONOGRAPH
999 _c118640
_d118640